O uzavretom reťazci ozubených kolies

Bibliographic Details
Main Author: Duhár, Anton, 1935- (Author)
Format: Article
Language:Slovak
PhysicalDescription:Obr. 6, tab. 1, lit. 3 zázn. v nem., slov.
ISBN:8022802441
Subjects:

MARC

LEADER 00000nab a2200000 a 4500
001 vtls000518912
003 SK-MaSNL
005 20260304183315.0
008 120928c1993 xo 0 slo
015 |a SNBRA19rr/mm-uuuuu 
035 |a CL0519050 
040 |a SNKBUCL  |b slo  |c SNKBUCL  |e AACR2 
041 0 |a slo 
044 |a xo  |c SK 
080 |a 621.833:531.1:681.3.06  |2 1981 
080 |a 531.1  |2 1981 
080 |a 681.3.06  |2 1981 
100 1 |a Duhár, Anton,  |d 1935-  |4 aut  |9 258190 
245 1 0 |a O uzavretom reťazci ozubených kolies  |c Anton Duhár 
300 |b Obr. 6, tab. 1, lit. 3 zázn. v nem., slov. 
650 0 7 |a ozubené kolesá  |2 snkbucl  |9 50961 
655 7 |a články zo zborníkov  |2 snkbucl  |9 166140 
773 0 |t Zborník referátov 34. konferencie katedier častí a mechanizmov strojov v ČR a SR  |d Zvolen : Technická univerzita, 1993  |g S. 221-228  |z 8022802441 
850 |a Slovenská národná knižnica v Martine  |a MTA001 
852 |a SNK  |b KIS3GCP 
958 |a RK 
992 |a RZB 
999 |c 3034272  |d 3036202